Datum a čas kvízu
31.5
Celkem bodů
Celkový počet nahraných bodů na tomto kvízu bez doplňovacích otázek.
6.
Pořadí na kvízu
Konečné umístění týmu na tomto kvízu.
Zaznamenané odpovědi
| # | Otázka | Odpověď | Body | Výsledky |
|---|---|---|---|---|
| 1. | Na kterém českém hradě skončil... | na Karlštejně | 1 | |
| 2. | Německý bulvární časopis Die A... | s Michaelem Schumacherem | 1 | |
| 3. | Historickým městem roku 2022 s... | Vysoké Mýto | 1 | |
| 4. | Japonská společnost Sega oznám... | Angry Birds | 0 | |
| 5. | Minulý týden začal soudní proc... | Roman Berbr, Plzeň | 1 | |
| 6. | O slovanských bozích a mýtech... | Vesna | 1 | |
| 7. | Níže zobrazený český lékař a b... | Jan Evangelista Purkyně, Živa | 0 | |
| 8. | Známou mýtickou bytostí slovan... | třikrát | 0 | |
| 9. | Seřaďte tyto slovanské svátky... | 1D 2C 3B 4A | 1 | |
| 10. | Ve fantasy románu Američtí ___... | Američtí bohové, Neil Gaiman | 1 |